| 000 | 00747nam a22002175i 4500 | ||
|---|---|---|---|
| 001 | 161597 | ||
| 003 | ES-MaACL | ||
| 005 | 20230906212323.0 | ||
| 008 | 041021s1869 gw |||| | eng d | ||
| 040 |
_aCAM _bspa _cCAM |
||
| 100 | 1 |
_aPeard, Frances Mary. _9130925 |
|
| 245 | 1 | 0 |
_aOne year or A story of three homes / _cby Frances Mary Peard. |
| 260 |
_aLeipzig : _bBernhard Tauchnitz, _c1869. |
||
| 300 |
_a2 v. (316 ; 287 p.) ; _c16 cm. |
||
| 490 | 1 |
_aCollection of british authors ; _v1022 ; 1023 |
|
| 650 | 4 |
_aNovela inglesa. _9137408 |
|
| 740 | 2 | 1 | _aA story of three homes. |
| 830 | 0 |
_aCollection of british authors ; _v1022 ; 1023 _9180703 |
|
| 852 |
_aES-MaACL _jG-12034 _z-- Enc. hol. _z-- Enc. 2 t. en 1 v. |
||
| 999 |
_c161597 _d161597 |
||